000 00775nas a2200265 4500
001 BR9800502
003 BR-BrBNA
005 20231205100716.0
007 ta
008 230509b bl.|||p| |||| 00| 00por d
040 _aBR-BrBNA
_bpor
_cBiblioteca Nacional de Agricultura
041 _a(En)
072 _aF60
100 1 _aArredondo-Peter, R.
100 1 _aMoran, J.F.
100 1 _aSarath, G.
100 1 _aKlucas, R.V.
245 1 _aAnalysis of Vigna unguiculata leghemoglobin genes
650 _aFeijao de Corda
650 _aAnalise Quimica
650 _aNodulo
773 0 _tRevista Brasileira de Fisiologia Vegetal (Brazil)
_xISSN 0103-3131
_g(Dec 1997), v. 9(3) p. 143-149
_wBR9800502
909 _a202311
_bLúcia
_c55
_dLúcia Elande
942 _2AGRIS
_n0
_cANA
999 _c157594
_d157594